01739nam a2200409 a 4500001001100000003000800011006001900019007001500038008004100053010001700094020003300111040002100144035002000165050002300185082002100208100002600229245012300255260003600378300002300414500002000437533015200457650004500609650004200654650006400696650006800760650002900828650003500857650007700892650006800969651004401037651003501081655002901116700002701145710001701172856012501189999001501314ebr5002270CaPaEBRm u cr cn|||||||||000710s2001 maua s 001 0 eng  z 00010364  z0807031267 (acid-free paper) aCaPaEBRcCaPaEBR a(OCoLC)7076328714aE184.A1bM7 2001eb04a512/.071/0732211 aMoses, Robert Parris.10aRadical equationsh[electronic resource] :bmath literacy and civil rights /cRobert P. Moses and Charles E. Cobb, Jr. aBoston :bBeacon Press,cc2001. axv, 233 p. :bill. aIncludes index. aElectronic reproduction.bPalo Alto, Calif. :cebrary,d2013.nAvailable via World Wide Web.nAccess may be limited to ebrary affiliated libraries. 0aMinoritiesxCivil rightszUnited States. 0aMinoritiesxEducationzUnited States. 0aAlgebraxStudy and teaching (Middle school)zUnited States. 0aMathematicsxStudy and teaching (Middle school)zUnited States. 0aLiteracyzUnited States. 0aSocial justicezUnited States. 0aAfrican AmericansxCivil rightszSouthern StatesxHistoryy20th century. 0aCivil rights movementszSouthern StatesxHistoryy20th century. 0aUnited StatesxSocial conditionsy1980- 0aUnited StatesxRace relations. 7aElectronic books.2local1 aCobb, Charles E.,cJr.2 aebrary, Inc.40uhttp://site.ebrary.com/lib/rucke/Doc?id=5002270zAn electronic book accessible through the World Wide Web; click to view c1668d1668